| 000 | 01080cam a2200301 4500 | ||
|---|---|---|---|
| 001 | 7027 | ||
| 003 | BD-RjUL | ||
| 005 | 20211208234344.0 | ||
| 008 | 14 t1966 e 001 0 eng u | ||
| 035 | _a(OCoLC)ocm01109442 | ||
| 035 | _a(BD-RjUL)7069 | ||
| 035 | _a(NNC)1557536 | ||
| 040 |
_cYNG _dSER _dZCU _dBD-RjUL _beng _aBD-RjUL |
||
| 041 | 0 | _aengrus | |
| 082 | 0 | 4 |
_216 _a515.35 _bGAB 1966 |
| 100 | 1 |
_aGakhov, F. D. _q(Fedor Dmitrievich) _922013 |
|
| 245 | 0 | 0 |
_aBoundary value problems / _c[by] F. D. Gakhov. Translation edited by I. N. Sneddon. |
| 260 |
_aOxford ; _aNew York : _bPergamon Press, _c1966. |
||
| 300 |
_axix, 564 p. : _billus. ; _c23 cm. |
||
| 490 | 1 |
_aInternational series of monographs in pure and applied mathematics ; _vv. 85 |
|
| 500 | _aTranslation of: Kraevye zadachi (romanized form) | ||
| 504 | _aBibliographical reference and index. | ||
| 650 | 0 |
_aBoundary value problems. _919752 |
|
| 830 | 0 |
_vv. 85. _922445 |
|
| 830 | 0 |
_aInternational series of monographs in pure and applied mathematics ; _919848 |
|
| 942 |
_2ddc _cBK |
||
| 999 |
_c7027 _d7027 |
||